| 000 | 00477nam a2200145 a 4500 | ||
|---|---|---|---|
| 001 | 000030267 | ||
| 005 | 20200930060202.0 | ||
| 008 | 110505s2010 dr a 000 0 spa d | ||
| 040 |
_aDO-SdBNP _bspa _cBNPHU |
||
| 082 |
_axxx _bP257m |
||
| 245 | 0 | 0 |
_aParque mirador sur : _bflora y fauna. |
| 260 |
_aSanto Domingo : _bAgencia de Cooperación Internacional del Japón (JICA) ; _bAyuntamiento del Distrito Nacional (ADN), _c2010. |
||
| 300 |
_a95 p. : _bil. ; _c23 cm. |
||
| 049 | _aBNPD | ||
| 999 |
_c29759 _d29759 |
||